000 00652nam a2200241Ia 4500
003 OSt
005 20220918184146.0
006 a|||||r|||| 00| 0
007 ta
008 220917b |||||||| |||| 00| 0 eng d
024 _a45,001
037 _cTextual
040 _aARTS
_cARTS
_beng
041 _2eng
_aeng
082 _aO15,1E89,DM, M3
100 _aHemchandra
_964769
245 0 _aDvyasrava mahakavya
260 _aManfara
_bManfara Jain Swetambar Moortipoojaka Sangh
_c1983
300 _a44, 815p.
_ccm.
650 _aENGLISH LITERATURE
942 _hO15,1E89,DM, M3
_cTEXL
_2CC
999 _c175392
_d175392